| 000 | 00584nam a22001937a 4500 | ||
|---|---|---|---|
| 999 |
_c3276 _d3276 |
||
| 003 | OSt | ||
| 005 | 20181107192300.0 | ||
| 008 | 181107b ||||| |||| 00| 0 eng d | ||
| 020 | _a9781599791654 | ||
| 040 |
_aDLC _bDLC _cDLC |
||
| 082 |
_a241 _bD238P |
||
| 100 |
_aDaughenbaugh, Wes _d2007- |
||
| 245 |
_aPrinciples of Perseverance _bWhat to do instead of Giving up |
||
| 260 |
_aFlorida _bCreation House A Strange Company _cc2007 |
||
| 300 |
_avii; 146p.: _bill. _c21cm |
||
| 650 |
_2Christian Living _xWhat to do instead of giving up |
||
| 700 | _aDaughenbaugh, Wes | ||
| 942 |
_2ddc _cBK |
||